000 00706nam a22002177a 4500
003 OSt
005 20240627081603.0
008 240627b |||||||| |||| 00| 0 eng d
020 _a0674002962
040 _aDWC- Main Lib
_cOC
082 _aCirc. 170.903 R257l 2000
100 _aRawis, John
245 _aLectures of the history of moral philosophy/
_cJohn Rawis
260 _aCambridge, Mass; London :
_b Harvard University Press,
_cc2000.
300 _axix, 384 pages :
_billustrations ;
_c23cm.
504 _aIncludes appendices.
650 _a1. Ethics, Modern- 17th Century
650 _a2. Ethics, Modern- 18th Century
650 _a 3. Ethics, Modern -19th Century
942 _2ddc
_cBK-CIRC
_n1
999 _c1531
_d1531